Stochastic games and related topics : in honor of Professor L.S. Shapley /

Bibliographic Details
Other Authors: Shapley, Lloyd S., 1923-, Raghavan, T. E. S.
Format: Book
Language:English
Published: Dordrecht ; Boston : Kluwer Academic Publishers, [1991]
Series:Theory and decision library. Game theory, mathematical programming, and operations research ; v. 7.
Subjects:

MARC

Tag First Indicator Second Indicator Subfields
LEADER 00000cam a2200000 a 4500
001 in00001007246
005 20150927215034.0
008 900910s1990 ne a b 01000 eng
010 |a  90048537  
020 |a 0792310160 (alk. paper) 
035 |a (OCoLC)22489835 
035 |9 AFD5668AM 
040 |a DLC  |c DLC  |d UtOrBLW 
049 |a TXAM 
050 0 0 |a QA269  |b .S76 1991 
082 0 0 |a 519.3  |2 20 
245 0 0 |a Stochastic games and related topics :  |b in honor of Professor L.S. Shapley /  |c edited by T.E.S. Raghavan [and others]. 
264 1 |a Dordrecht ;  |a Boston :  |b Kluwer Academic Publishers,  |c [1991] 
264 4 |c ©1991 
300 |a x, 233 pages :  |b illustrations ;  |c 25 cm. 
336 |a text  |b txt  |2 rdacontent 
337 |a unmediated  |b n  |2 rdamedia 
338 |a volume  |b nc  |2 rdacarrier 
490 1 |a Theory and decision library. Series C, Game theory, mathematical programming, and operations research ;  |v v. 7 
504 |a Includes bibliographical references. 
650 0 |a Game theory. 
650 0 |a Stochastic processes. 
700 1 |a Shapley, Lloyd S.,  |d 1923- 
700 1 |a Raghavan, T. E. S. 
830 0 |a Theory and decision library.  |n Series C,  |p Game theory, mathematical programming, and operations research ;  |v v. 7. 
999 |a MARS 
999 f f |s 469f176f-e6bb-31f5-a4ab-4bda72ac640e  |i 59b44882-c339-3022-a952-2fd05f15f71d  |t 0 
952 f f |p ric  |a Texas A&M University  |b Rellis Campus  |c Joint Library Facility  |d Remote Storage  |t 0  |e QA269 .S76 1991  |h Library of Congress classification  |i unmediated -- volume  |m A14814338276 
998 f f |a QA269 .S76 1991  |t 0  |l Remote Storage